[Event "DSOL 01 Liga Gr-A 1st"]
[Site "Playchess.com INT"]
[Date "2020.07.16"]
[Round "4.1"]
[White "Baerwolf, Steven"]
[Black "Ritscher, Jan Paul"]
[Result "1/2-1/2"]
[WhiteElo "2300"]
[BlackElo "2246"]
[PlyCount "138"]
[EventDate "2020.06.22"]
[EventType "team-tourn (rapid)"]
[EventCountry "GER"]
[SourceTitle "EXT 2021"]
[Source "ChessBase"]
[SourceDate "2020.10.23"]
[SourceVersion "1"]
[SourceVersionDate "2020.10.23"]
[SourceQuality "1"]
[WhiteTeam "Horst Emscher"]
[BlackTeam "Hamburg SF"]
[WhiteTeamCountry "GER"]
[BlackTeamCountry "GER"]

1. e4 Nf6 2. e5 Nd5 3. c4 Nb6 4. d4 d6 5. f4 dxe5 6. fxe5 Nc6 7. Be3 Bf5 8. Nc3 e6 9. Nf3 Bg4 10. Be2 Bxf3 11. gxf3 f6 12. f4 fxe5 13. fxe5 Be7 14. 0-0 Bg5 15. Bf2 0-0 16. Qd3 Qe7 17. Qh3 Rf4 18. Bd3 h6 19. Ne2 Rff8 20. Qg4 Nb4 21. Bb1 Nxc4 22. Qe4 g6 23. h4 Rxf2 24. Qxg6+ Kh8 25. hxg5 Rxf1+ 26. Kxf1 Nd2+ 27. Ke1 Nxb1 28. Qxh6+ Qh7 29. Rxb1 Qxh6 30. gxh6 Kh7 31. Kd2 Kxh6 32. Rf1 Nd5 33. Nf4 Nxf4 34. Rxf4 Rg8 35. Kd3 Rg3+ 36. Ke4 Kg7 37. Rf6 Rg4+ 38. Kd3 Rg6 39. Rf2 Rg1 40. Rc2 c6 41. Rf2 Rh1 42. Kc4 Rc1+ 43. Kb4 c5+ 44. dxc5 Re1 45. Rd2 Rxe5 46. Rd7+ Kf6 47. Rxb7 a5+ 48. Kc4 Re2 49. Rb5 a4 50. a3 e5 51. c6 Ke6 52. Rb4 Kd6 53. Kb5 Rc2 54. Kxa4 Kxc6 55. Kb3 Rh2 56. Rg4 Kd5 57. Kc3 Rh3+ 58. Kb4 e4 59. Rg8 e3 60. Re8 Kd4 61. a4 Kd3 62. a5 e2 63. Rxe2 Kxe2 64. a6 Rh8 65. Kc5 Ra8 66. Kb6 Kd3 67. Kb7 Rxa6 68. Kxa6 Kc4 69. b4 Kxb4 1/2-1/2

[Event "Gelsenkirchen Koenigsspringer op"]
[Site "Gelsenkirchen"]
[Date "2019.12.28"]
[Round "3"]
[White "Baerwolf, Steven"]
[Black "Stricker, Florian"]
[Result "1-0"]
[WhiteElo "2211"]
[BlackElo "2079"]
[PlyCount "89"]
[EventDate "2019.12.27"]
[EventType "swiss"]
[EventRounds "7"]
[EventCountry "GER"]
[SourceTitle "CBM 194 Extra"]
[Source "ChessBase"]
[SourceDate "2020.03.31"]
[SourceVersion "1"]
[SourceVersionDate "2020.03.31"]
[SourceQuality "1"]

1. e4 e6 2. d4 d5 3. e5 c5 4. c3 Nc6 5. Nf3 Bd7 6. Bd3 cxd4 7. cxd4 Qb6 8. 0-0 Nxd4 9. Nbd2 Rc8 10. Nxd4 Qxd4 11. Nf3 Qb6 12. a3 Nh6 13. b4 Be7 14. Be3 Qd8 15. Qd2 Ng4 16. Bxa7 f6 17. Bd4 0-0 18. Qe2 Qe8 19. Rae1 f5 20. Nd2 Ba4 21. Nb1 Bb3 22. Rc1 Qg6 23. Rc3 Rxc3 24. Nxc3 Rc8 25. h3 Nh6 26. Nb5 Nf7 27. Na7 Rc7 28. Bb6 Rc3 29. Qd2 Rxd3 30. Qxd3 Bc4 31. Qc3 f4 32. Nc8 Bh4 33. Re1 Kh8 34. Qf3 Ng5 35. Qg4 h5 36. Ne7 Nxh3+ 37. gxh3 Qxg4+ 38. hxg4 Bxe7 39. gxh5 Kh7 40. Kg2 g6 41. hxg6+ Kxg6 42. Rh1 Bd3 43. Rh8 Kf5 44. Rh7 Bg5 45. f3 1-0

[Event "Ruhrgebiet Regionalliga 1819"]
[Site "Nordrheinwestfalen"]
[Date "2019.05.19"]
[Round "10.1"]
[White "Baerwolf, Steven"]
[Black "Schiefelbusch, Dirk"]
[Result "0-1"]
[WhiteElo "2104"]
[BlackElo "2015"]
[PlyCount "94"]
[EventDate "2018.09.02"]
[EventType "team-tourn"]
[EventRounds "11"]
[EventCountry "GER"]
[SourceTitle "EXT 2022"]
[Source "ChessBase"]
[SourceDate "2021.10.06"]
[SourceVersion "1"]
[SourceVersionDate "2021.10.06"]
[SourceQuality "1"]
[WhiteTeam "Horst Emscher"]
[BlackTeam "Dortmund Hansa II"]
[WhiteTeamCountry "GER"]
[BlackTeamCountry "GER"]

1. Nf3 d5 2. d4 Nf6 3. e3 Bg4 4. Nbd2 e6 5. Be2 c5 6. b3 cxd4 7. Nxd4 Bxe2 8. Qxe2 Nc6 9. Nxc6 bxc6 10. Bb2 Be7 11. 0-0 0-0 12. c4 a5 13. Rfc1 a4 14. cxd5 cxd5 15. Qb5 axb3 16. axb3 Rxa1 17. Rxa1 Qc7 18. Rc1 Qa7 19. Bd4 Qa2 20. Qd3 Qa8 21. Qc2 h6 22. Qc7 Bb4 23. Nf3 Qa3 24. Qc2 Bd6 25. Ne5 Qb4 26. g3 Ne4 27. Nd3 Qb8 28. f3 Ng5 29. Kg2 e5 30. Bc5 e4 31. fxe4 dxe4 32. Bxd6 Qxd6 33. Nf2 Qf6 34. h4 Qf3+ 35. Kh2 Ne6 36. Nxe4 Qxe3 37. Nf2 Nd4 38. Qb2 Ne2 39. Rg1 Nxg1 40. Kxg1 Qxg3+ 41. Kf1 Rb8 42. h5 Rxb3 43. Qc2 Rf3 44. Qc8+ Kh7 45. Qc2+ g6 46. hxg6+ fxg6 47. Qd2 Rxf2+ 0-1

[Event "Ruhrgebiet Regionalliga 1718"]
[Site "Germany"]
[Date "2018.03.04"]
[Round "7"]
[White "Baerwolf, Steven"]
[Black "Hillenbrand, Michael"]
[Result "1-0"]
[WhiteElo "2175"]
[BlackElo "2107"]
[PlyCount "69"]
[EventDate "2017.10.01"]
[EventType "team-tourn"]
[EventRounds "9"]
[EventCountry "GER"]
[SourceTitle "EXT 2022"]
[Source "ChessBase"]
[SourceDate "2021.10.06"]
[SourceVersion "1"]
[SourceVersionDate "2021.10.06"]
[SourceQuality "1"]
[WhiteTeam "Horst Emscher"]
[BlackTeam "Borbeck Weisse Dame"]
[WhiteTeamCountry "GER"]
[BlackTeamCountry "GER"]

1. e4 g6 2. d4 Bg7 3. c4 d6 4. Nc3 c6 5. Nf3 Bg4 6. Be2 Bxf3 7. Bxf3 Qb6 8. d5 Nf6 9. 0-0 0-0 10. Qc2 Rc8 11. Be3 Qd8 12. Be2 Nbd7 13. f4 cxd5 14. cxd5 Nb6 15. Qb3 Rxc3 16. bxc3 Nxe4 17. Rac1 Rc8 18. c4 Nc5 19. Qd1 Nba4 20. Bd4 Qf8 21. f5 Bxd4+ 22. Qxd4 Qg7 23. Qe3 Re8 24. Bg4 Nb2 25. Rc3 Qe5 26. Qf3 Rf8 27. Kh1 Qd4 28. Qe3 Qxe3 29. Rxe3 gxf5 30. Bxf5 e6 31. dxe6 fxe6 32. Bxh7+ Kxh7 33. Rxf8 Nxc4 34. Rh3+ Kg7 35. Rf4 1-0

[Event "Dortmund Helmut Kohl"]
[Site "Dortmund"]
[Date "2016.07.10"]
[Round "2"]
[White "Baerwolf, Steven"]
[Black "Pajeken, Jakob Leon"]
[Result "1-0"]
[WhiteElo "2134"]
[BlackElo "2051"]
[PlyCount "113"]
[EventDate "2016.07.09"]
[EventType "tourn"]
[EventRounds "9"]
[EventCountry "GER"]
[SourceTitle "CBM 173 Extra"]
[Source "ChessBase"]
[SourceDate "2016.08.29"]
[SourceVersion "1"]
[SourceVersionDate "2016.08.29"]
[SourceQuality "1"]

1. d4 d5 2. c4 dxc4 3. Nf3 Nf6 4. e3 e6 5. Bxc4 c5 6. 0-0 a6 7. Bb3 Nc6 8. Nc3 cxd4 9. exd4 Be7 10. Re1 0-0 11. Bg5 b5 12. d5 Nxd5 13. Bxd5 exd5 14. Qxd5 Bxg5 15. Nxg5 Bb7 16. Qf5 g6 17. Qf4 h6 18. Nge4 g5 19. Qd6 Qxd6 20. Nxd6 Bc8 21. Nd5 Ra7 22. Rac1 Be6 23. Nf6+ Kg7 24. Nfe8+ Rxe8 25. Nxe8+ Kf8 26. Rxc6 Kxe8 27. a3 Kd7 28. Rec1 g4 29. Rb6 h5 30. Rcc6 a5 31. Rc5 b4 32. Rbb5 bxa3 33. bxa3 a4 34. Rxh5 Kd6 35. h4 Rc7 36. Rb6+ Ke7 37. Rb4 Bd7 38. Re5+ Kf6 39. Re3 Kg6 40. Kh2 Rc1 41. Rd3 Rc7 42. Rxd7 Rxd7 43. Rxg4+ Kh5 44. Rxa4 f5 45. Kg3 Rd2 46. Ra8 Rd4 47. f3 f4+ 48. Kh3 Rd3 49. Ra5+ Kg6 50. Kg4 Rd4 51. Rf5 Rd2 52. Rg5+ Kh6 53. Kxf4 Ra2 54. g4 Rxa3 55. Re5 Ra8 56. Re6+ Kg7 57. g5 1-0

[Event "Dortmund Helmut Kohl"]
[Site "Dortmund"]
[Date "2016.07.09"]
[Round "1"]
[White "Baltic, Fatih"]
[Black "Baerwolf, Steven"]
[Result "1-0"]
[WhiteElo "2103"]
[BlackElo "2134"]
[PlyCount "73"]
[EventDate "2016.07.09"]
[EventType "tourn"]
[EventRounds "9"]
[EventCountry "GER"]
[SourceTitle "CBM 173 Extra"]
[Source "ChessBase"]
[SourceDate "2016.08.29"]
[SourceVersion "1"]
[SourceVersionDate "2016.08.29"]
[SourceQuality "1"]

1. e4 e5 2. Nf3 Nc6 3. Bb5 a6 4. Ba4 Nf6 5. 0-0 b5 6. Bb3 Be7 7. Re1 0-0 8. h3 d6 9. c3 Na5 10. Bc2 c5 11. d4 Qc7 12. Nbd2 cxd4 13. cxd4 Nc6 14. d5 Nb4 15. Bb1 a5 16. Nf1 Bd7 17. a3 Na6 18. Bd2 b4 19. axb4 axb4 20. Bd3 Nc5 21. Rxa8 Rxa8 22. Bxb4 Ncxe4 23. Bxe4 Ra4 24. Bxh7+ Kxh7 25. Bc3 Ra8 26. Ne3 Kg8 27. Nd2 Bb5 28. Qf3 Bd3 29. Ng4 Bg6 30. Nxe5 dxe5 31. d6 Qa7 32. dxe7 e4 33. Nxe4 Nxe4 34. Rxe4 Bxe4 35. Qxe4 Rc8 36. Qe5 f6 37. Qe6+ 1-0

[Event "Ruhrgebiet Verbandsliga Gruppe 2 1516"]
[Site "Germany"]
[Date "2016.01.24"]
[Round "6.1"]
[White "Baerwolf, Steven"]
[Black "Viebahn, Dirk"]
[Result "0-1"]
[WhiteElo "2163"]
[BlackElo "2109"]
[PlyCount "92"]
[EventDate "2015.09.06"]
[EventType "team-tourn"]
[EventRounds "9"]
[EventCountry "GER"]
[SourceTitle "EXT 2022"]
[Source "ChessBase"]
[SourceDate "2021.10.06"]
[SourceVersion "1"]
[SourceVersionDate "2021.10.06"]
[SourceQuality "1"]
[WhiteTeam "Horst Emscher"]
[BlackTeam "Muelheim SC"]
[WhiteTeamCountry "GER"]
[BlackTeamCountry "GER"]

1. d4 Nf6 2. c4 g6 3. Nc3 d5 4. cxd5 Nxd5 5. e4 Nxc3 6. bxc3 Bg7 7. Nf3 c5 8. Rb1 0-0 9. Be2 Qc7 10. 0-0 b6 11. Bg5 Bb7 12. Qd3 e6 13. Qe3 Nd7 14. Bd3 Rae8 15. Bh6 f6 16. Bf4 Qc8 17. Bg3 Rf7 18. Nd2 Ba6 19. Qe2 Bxd3 20. Qxd3 f5 21. f3 Bh6 22. Nc4 Qa6 23. Rfd1 fxe4 24. fxe4 Bf4 25. Rf1 Ref8 26. Bxf4 Rxf4 27. Rxf4 Rxf4 28. Rf1 Rxf1+ 29. Qxf1 cxd4 30. cxd4 b5 31. Nb2 Qb6 32. Qf2 e5 33. d5 Nc5 34. Kf1 Nxe4 35. Qxb6 axb6 36. Nd3 Nd2+ 37. Ke2 Nc4 38. Nf2 Kf7 39. Ne4 Ke7 40. Kd3 Nd6 41. g4 Nxe4 42. Kxe4 Kd6 43. g5 b4 44. h3 b5 45. h4 b3 46. axb3 b4 0-1

[Event "Dortmund Helmut Kohl"]
[Site "Dortmund"]
[Date "2014.07.15"]
[Round "4"]
[White "Boehm, Juergen1"]
[Black "Baerwolf, Steven"]
[Result "1/2-1/2"]
[WhiteElo "2200"]
[BlackElo "1975"]
[PlyCount "120"]
[EventDate "2014.07.12"]
[EventType "tourn"]
[EventRounds "9"]
[EventCountry "GER"]
[SourceTitle "CBM 161 Extra"]
[Source "ChessBase"]
[SourceDate "2014.08.29"]
[SourceVersion "1"]
[SourceVersionDate "2014.08.29"]
[SourceQuality "1"]

1. d4 Nf6 2. Bg5 e6 3. e4 h6 4. Bxf6 Qxf6 5. Nc3 Bb4 6. Qd3 0-0 7. a3 Bxc3+ 8. Qxc3 d5 9. e5 Qe7 10. f4 b6 11. Nf3 c5 12. Qe3 cxd4 13. Nxd4 Ba6 14. 0-0-0 Bxf1 15. Rhxf1 Nd7 16. f5 exf5 17. Nxf5 Qxe5 18. Qxe5 Nxe5 19. Ne7+ Kh7 20. Nxd5 Rfd8 21. Rfe1 f6 22. b3 Rac8 23. Kb2 Rd7 24. Nxf6+ gxf6 25. Rxd7+ Nxd7 26. Re7+ Kg6 27. Rxd7 Re8 28. Rxa7 Re2 29. Rb7 Rxg2 30. Rxb6 Rxh2 31. a4 h5 32. a5 Re2 33. a6 Re8 34. Rb4 Ra8 35. Ra4 h4 36. Rxh4 Rxa6 37. c4 Kf5 38. b4 Ke5 39. b5 Ra8 40. Kc3 f5 41. Rh1 f4 42. Re1+ Kd6 43. Rd1+ Kc7 44. Rd5 Rf8 45. Kd2 f3 46. Ke1 f2+ 47. Kf1 Rf4 48. c5 Rb4 49. b6+ Kc6 50. Rf5 Rb2 51. Kg2 Rc2 52. Rh5 Rb2 53. Rg5 Ra2 54. Rg8 Rc2 55. Rc8+ Kb7 56. Rc7+ Kb8 57. Kf1 Rb2 58. Rf7 Rc2 59. Rf5 Kb7 60. Kg2 Kb8 1/2-1/2

[Event "Dortmund Helmut Kohl"]
[Site "Dortmund"]
[Date "2014.07.13"]
[Round "2"]
[White "Webb, Laurence"]
[Black "Baerwolf, Steven"]
[Result "0-1"]
[WhiteElo "2252"]
[BlackElo "1975"]
[PlyCount "82"]
[EventDate "2014.07.12"]
[EventType "tourn"]
[EventRounds "9"]
[EventCountry "GER"]
[SourceTitle "CBM 161 Extra"]
[Source "ChessBase"]
[SourceDate "2014.08.29"]
[SourceVersion "1"]
[SourceVersionDate "2014.08.29"]
[SourceQuality "1"]

1. d4 Nf6 2. c4 e6 3. Nc3 Bb4 4. Bg5 c5 5. d5 h6 6. Bh4 d6 7. e3 0-0 8. Bd3 exd5 9. cxd5 g5 10. Bg3 Nxd5 11. Nge2 Bxc3+ 12. bxc3 Qf6 13. Bc2 Be6 14. 0-0 Rd8 15. Rb1 Nb6 16. f4 Qe7 17. Qd3 f5 18. fxg5 hxg5 19. Rxf5 Bxf5 20. Qxf5 Rf8 21. Qg6+ Qg7 22. Qxd6 N8d7 23. a4 Rae8 24. a5 Nc8 25. Qd5+ Kh8 26. Rxb7 Nf6 27. Qc6 Rf7 28. Rb8 Qf8 29. h3 Ne7 30. Qe6 Ned5 31. Rxe8 Qxe8 32. Qxe8+ Nxe8 33. Be5+ Ndf6 34. Bb3 Re7 35. Bg3 Rxe3 36. Kf2 Re7 37. Kf3 Kg7 38. Nc1 Ne4 39. Be1 N8d6 40. Bd5 Nf6 41. Bg3 Nf5 0-1